| 000 | 01204nam a2200229Ia 4500 | ||
|---|---|---|---|
| 001 | L239-11005 | ||
| 003 | IT-CnALBA | ||
| 008 | 170116s9999||||xx |||||||||||||| ||und|| | ||
| 040 |
_aIT-CnALBA _cIT-CnALBA |
||
| 041 | _aITALIANO | ||
| 100 | _aARIAS JUAN | ||
| 245 | 0 | _aIL DIO IN CUI NON CREDO. | |
| 250 | _a3a ed. | ||
| 260 |
_a ASSISI _bCITTADELLA EDITRICE _c1970 [1° Ed.:1970 - Ed.Ling.Originale: 1970] |
||
| 300 | _a2 p. (prefazione: 5) | ||
| 500 | _aCRISTO E LE ETICHETTE. RIVELAZIONE AI POVERI. DIO SCONCERTANTE. CONVERSIONE. ESPERIENZA DEI RISORTI. LIBERTÀ. UMILTÀ. POVERTÀ DI DIO. CONTESTAZIONE DEL POTERE. AUTORITÀ. DEBOLEZZA DI DIO. GIUDIZIO. AMICI DI CRISTO. DIO E GLI IDOLI. UOMO, CASA DI DIO. LA C | ||
| 501 | _aSocietà San Paolo EM - Piazza San Paolo, 14 - 12051 ALBA (CN) (non commercial uses only) ® Copyright 2017 | ||
| 520 | _aCRISTO E LE ETICHETTE. RIVELAZIONE AI POVERI. DIO SCONCERTANTE. CONVERSIONE. ESPERIENZA DEI RISORTI. LIBERTÀ. UMILTÀ. POVERTÀ DI DIO. CONTESTAZIONE DEL POTERE. AUTORITÀ. DEBOLEZZA DI DIO. GIUDIZIO. AMICI DI CRISTO. DIO E GLI IDOLI. UOMO, CASA DI DIO. LA C | ||
| 650 | _aAPOLOGETICA E CONTROVERSIE | ||
| 942 | _cBK | ||
| 957 | _71 | ||
| 999 |
_a15758 _bNO _g Copie: 1 _c270182 _d270182 |
||